[Event "Alesund CC-ch"]
[Site "Alesund"]
[Date "2015.10.07"]
[Round "3"]
[White "Bolso, Gunnar"]
[Black "Unneland, Arne"]
[Result "0-1"]
[WhiteElo "1836"]
[BlackElo "1635"]
[PlyCount "84"]
[EventDate "2015.09.17"]
[EventType "swiss"]
[EventRounds "9"]
[EventCountry "NOR"]
[SourceTitle "EXT 2024"]
[Source "ChessBase"]
[SourceDate "2023.10.10"]
[SourceVersion "1"]
[SourceVersionDate "2023.10.10"]
[SourceQuality "1"]

1. Nf3 d5 2. c4 dxc4 3. Qa4+ Bd7 4. Qxc4 Nf6 5. g3 Nc6 6. Bg2 e5 7. 0-0 Bd6 8. d3 a6 9. Bd2 Rb8 10. Ng5 0-0 11. a4 Nd4 12. Re1 h6 13. e3 b5 14. axb5 Bxb5 15. Qc3 Bb4 16. Qxb4 Nc2 17. Qa5 hxg5 18. Bc3 Nxe1 19. Bxe1 Qxd3 20. Nc3 Rfc8 21. Qa3 Qc4 22. Qe7 Re8 23. Qa3 e4 24. Bd2 Nd7 25. Rc1 Qd3 26. Rd1 Qc2 27. Qa1 Nc5 28. Be1 Nb3 29. Qa3 f5 30. Rd5 Red8 31. Qe7 Rxd5 32. Qe6+ Kh8 33. Qxd5 Qc1 34. Nd1 Be2 35. Qxf5 Qxd1 36. Qh3+ Bh5 37. Bxe4 Nd2 38. Kg2 Nxe4 39. Ba5 Qf3+ 40. Kg1 Qxf2+ 41. Kh1 Rf8 42. Qxh5+ Kg8 0-1